000 00573nam a2200217Ia 4500
005 20250425162512.0
008 250425s9999 xx 000 0 und d
020 _a9780135026496
041 _aeng
082 _a621.3815
100 _aBOYLESTAD, ROBERT L.
245 0 _aELECTRONIC DEVICES AND CIRCUIT THEORY
250 _a10TH ED.
260 _aEstados Unidos
_bPEARSON EDUCATION
_c2009
260 _aUPPER SADDLE RIVER
300 _a894
650 _aCIRCUITOS ELECTRONICOS
650 _aELECTRONICA-APARATOS E INSTRUMENTOS
942 _c01
010 _a78836
999 _c230533
_d230533